000 00223 a2200085 4500
020 _a9780714870502
100 _a Swapnaa Tamhane and, Rashmi Varma
245 _aSar: The Essence of Indian Design
260 _bPhaidon Press
_c2016
999 _c13314
_d13314